000 03550nam a2201201 i 4500
001 nkc20253678463
003 CZ PrSKC
005 20260424143755.0
007 ta
008 250325s2025 xr a e f 000 0 cze
015 _acnb003678463
020 _a9788076375444
_q(vázáno)
035 _a(OCoLC)1519101705
040 _aOLA001
_bcze
_erda
045 _ax-y-
072 7 _a791
_xFilm. Cirkus. Lidová zábava
_2Konspekt
080 _a791.221.9
_2MRF
080 _a82-312.4
_2MRF
080 _a791.32.072.3
_2MRF
080 _a82-95
_2MRF
080 _a(0.062)
_2MRF
100 1 _aTesař, Antonín,
_d1983-
_4aut
245 1 0 _aV domě je příšera :
_bproč se nebát hororu v literatuře a filmu /
_cAntonín Tesař
250 _aVydání první
264 1 _aV Praze :
_bPaseka,
_c2025
300 _a348 stran :
_bilustrace ;
_c21 cm
336 _atext
_btxt
_2rdacontent
337 _abez média
_bn
_2rdamedia
338 _asvazek
_bnc
_2rdacarrier
504 _aObsahuje bibliografii a bibliografické odkazy
520 2 _aFilmový publicista a kritik se v knize zaměřuje na různorodost hororu, jeho kulturní kontexty a vývojové linie. V publikaci se snaží vyvrátit předsudky spojené s hororem a představit jej jako komplexní žánr s hlubšími významy.
_bHoror je celý svět, v němž se dá bydlet. Všichni se totiž něčeho bojíme. Kniha předního kritika a fanouška hororů Antonína Tesaře zavede čtenáře do nejrůznějších filmových i literárních končin tohoto žánru a ukáže, jak neobyčejně pestrý a široký může být. Nakladatelská anotace. Kráceno.
648 7 _a20.-21. století
_2czenas
650 0 7 _afilmové horory
_y20.-21. století
_2czenas
650 0 7 _ahoror (literatura)
_y20.-21. století
_2czenas
650 0 7 _afilmová kritika
_2czenas
650 0 7 _aliterární kritika
_2czenas
650 0 9 _ahorror films
_y20th-21st centuries
_2eczenas
650 0 9 _ahorror literature
_y20th-21st centuries
_2eczenas
650 0 9 _afilm criticism
_2eczenas
650 0 9 _aliterary criticism
_2eczenas
655 7 _apopulárně-naučné publikace
_2czenas
655 9 _apopular works
_2eczenas
900 _b19
910 _aABA001
910 _aABA007
910 _aABA010
910 _aABB060
910 _aABD001
910 _aABD005
910 _aABD020
910 _aABE334
910 _aABG001
910 _aABG006
910 _aBEG001
910 _aBNG001
910 _aBOA001
910 _aBOD001
910 _aBOD026
910 _aBOG001
910 _aBVG001
910 _aCBA001
910 _aCBD007
910 _aCRG001
910 _aDCG302
910 _aHBG001
910 _aHKG001
910 _aJCG001
910 _aJHG001
910 _aJHG503
910 _aJIG001
910 _aKAG503
910 _aKLG001
910 _aKLG002
910 _aKOG001
910 _aKVG001
910 _aKVG501
910 _aLIA001
910 _aLNG001
910 _aMOG001
910 _aNBG505
910 _aNJG001
910 _aOLA001
910 _aOLG001
910 _aOPG001
910 _aOPG503
910 _aOSA001
910 _aOSG002
910 _aPAG001
910 _aPBG001
910 _aPNA001
910 _aPRG001
910 _aSUG001
910 _aSVG001
910 _aTAG001
910 _aTPG503
910 _aUHG001
910 _aULG001
910 _aVSG502
910 _aZLG001
910 _aZNG001
910 _aZRG503
942 _2ddc
_cKNIHA
_n0
999 _c1877
_d1877